LEADER 01228nam a2200229 i 4500 001 000000131839 003 CaOOAMICUS 005 20110215000000.0 008 110215s1952 it u000 u ita u 013 $a104754 040 $aSeMil$bita 245 10$aPensieri del Cardinal Suhard :$btolti dai suoi appunti agli esercizi spirituali e dal suo diario da mons. Pierre Brot /$cPrefazione di Mons. Feltin, arcivescovo di Parigi. 260 $aVenegono Inferiore (VA) :$bLa Scuola Cattolica,$c1952. 300 $a56 p. ;$c23 cm. 650 4$aSuhard, Emmanuel Celestin - Scritti, discorsi, omelie, lettere pastorali, etc.$0(OLS)http://semarc/subject/25958 700 1 $aSuhard, Emanuele .$0(OLS)http://semarc/name/25034 700 1 $aFeltin, Maurice,$c.$0(OLS)http://semarc/name/9869 850 $aSeMil 852 $aSeMil$W1$xVenegono$y1$m5A XII 10/45$j85773$B85773$CSeMilBibl$Z2$F159500 $81 961 $aOmaggio: Altro 996 $6245$aPensieri del Cardinal Suhard :$btolti dai suoi appunti agli esercizi spirituali e dal suo diario da mons. Pierre Brot$9(OLS)http://semarc/title/193761 996 $6260$aVenegono Inferiore (VA) :$bLa Scuola Cattolica$9(OLS)http://semarc/publisher/29825 LEADER 01310nam a2200241 i 4500 001 000000050663 003 CaOOAMICUS 005 19970203000000.0 008 970203s1996 it u000 u ita u 013 $a21834 040 $aSeMil$bita 100 1 $aSpagnoli, Giovanni Battista .$0(OLS)http://semarc/name/25080 245 10$aHystoria del Sacrato Templo de Laureto /$cGiovanni Battista Spagnoli ; [nella volgarizzazione di Sabadino Giovanni degli Arienti]. 260 $aLoreto :$bTecnostampa,$cstampa 1996. 300 $a2 v. (73, [46] p.) ;$c22 cm. 500 $aNon è possibile stabilire alcuna informazione riguardo le indicazioni di ed., perchè non sono conosciute neppure alla fonte. Il 1. v. riporta la ristampa del testo a stampa in volgare, mentre il 2. di quello manoscritto sempre in volgare. 650 4$aLoreto.$0(OLS)http://semarc/subject/10479 700 1 $aArienti, Sabadino Giovanni : degli,$d.$0(OLS)http://semarc/name/25081 850 $aSeMil 852 $aSeMil$W1$xVenegono$y1$m3C V 215$j16818$B16818$CSeMilBibl$Z2$F16818 $81 961 $aOmaggio: Apeciti mons. Ennio 996 $6245$aHystoria del Sacrato Templo de Laureto$9(OLS)http://semarc/title/77366 996 $6260$aLoreto :$bTecnostampa$9(OLS)http://semarc/publisher/41277